Writing for ESL teachers (Record no. 108469)

MARC details
000 -LEADER
fixed length control field 00729nam a2200253 i 4500
001 - CONTROL NUMBER
control field C2-0305469
003 - CONTROL NUMBER IDENTIFIER
control field PPAK
005 - DATE AND TIME OF LATEST TRANSACTION
control field 20180728090730.0
008 - FIXED-LENGTH DATA ELEMENTS--GENERAL INFORMATION
fixed length control field 100823s2009 my |||| ||||| | eng d
020 ## - INTERNATIONAL STANDARD BOOK NUMBER
International Standard Book Number 9789832620754
040 ## - CATALOGING SOURCE
Original cataloging agency PPAK
Language of cataloging eng
Transcribing agency PPAK
Description conventions rda
082 04 - DEWEY DECIMAL CLASSIFICATION NUMBER
Classification number 421.1
Edition number 23
090 00 - LOCALLY ASSIGNED LC-TYPE CALL NUMBER (OCLC); LOCAL CALL NUMBER (RLIN)
Classification number (OCLC) (R) ; Classification number, CALL (RLIN) (NR) 421.1
Feature heading MAR
Feature heading R
100 0# - MAIN ENTRY--PERSONAL NAME
Personal name Mariam Mohamed Nor,
Relator term author
245 10 - TITLE STATEMENT
Title Writing for ESL teachers
264 #1 - PRODUCTION, PUBLICATION, DISTRIBUTION, MANUFACTURE, AND COPYRIGHT NOTICE
Place of production, publication, distribution, manufacture Tanjong Malim :
Name of producer, publisher, distributor, manufacturer Penerbit Universiti Pendidikan Sultan Idris ,
Date of production, publication, distribution, manufacture, or copyright notice 2009
300 ## - PHYSICAL DESCRIPTION
Extent x, 343 pages ;
Dimensions 23 cm
336 ## - CONTENT TYPE
Source rdacontent
Content type term text
337 ## - MEDIA TYPE
Source rdamedia
Media type term unmediated
338 ## - CARRIER TYPE
Source rdacarrier
Carrier type term volume
650 10 - SUBJECT ADDED ENTRY--TOPICAL TERM
Topical term or geographic name entry element English language - Writing - Study and teaching.
700 ## - ADDED ENTRY--PERSONAL NAME
Relator term author
942 ## - ADDED ENTRY ELEMENTS (KOHA)
-- dc
Koha item type Book
Holdings
Withdrawn Not for loan Current library Shelving location Date acquired Full call number Barcode Date last seen Koha item type
  Not For Loan Perpustakaan Alor Setar Rujukan Dewasa 07/09/2010 R 421.1 MAR A01342297 09/05/2018 Book
  Not For Loan Perpustakaan Awam Sungai Petani Rujukan Dewasa 07/09/2010 R 421.1 MAR A01342298 09/05/2018 Book
  Not For Loan Perpustakaan Jitra Rujukan Dewasa 07/09/2010 R 421.1 MAR A01342299 09/05/2018 Book
  Not For Loan Perpustakaan Kulim Rujukan Dewasa 07/09/2010 R 421.1 MAR A01342300 09/05/2018 Book
  Not For Loan Perpustakaan Merbok Rujukan Dewasa 07/09/2010 R 421.1 MAR A01342301 09/05/2018 Book